[Event "10th Essent op"]
[Site "Hoogeveen NED"]
[Date "2006.10.25"]
[Round "6.39"]
[White "Van der Veen, Jan"]
[Black "Ten Hagen, Yorick"]
[Result "1-0"]
[WhiteElo "2142"]
[BlackElo "2077"]
[EventDate "2006.10.20"]
[PlyCount "131"]

1.e4 c5 2.Nc3 d6 3.f4 g6 4.Nf3 Bg7 5.Bb5+ Nd7 6.a4 a6 7.Bc4 e6 8.O-O Ne7 
9.d3 O-O 10.Qe1 Nf6 11.e5 Ne8 12.Bb3 Nc6 13.exd6 Nxd6 14.Ne4 Nf5 15.c3 b6 
16.Bc2 Bb7 17.h3 Qc7 18.g4 Nd6 19.Qh4 Nxe4 20.dxe4 Qe7 21.Qf2 Rac8 22.Be3 
Kh8 23.e5 f6 24.exf6 Bxf6 25.Rae1 e5 26.f5 gxf5 27.Bxf5 Rce8 28.Bh6 Rf7 
29.Qe3 Rg8 30.Be4 Qe6 31.Ng5 Bxg5 32.Bxg5 Rgf8 33.Bh6 Rxf1+ 34.Rxf1 Rxf1+ 
35.Kxf1 Qf6+ 36.Kg2 Nd8 37.Bxb7 Nxb7 38.Bg5 Qg7 39.Bh6 Qe7 40.Qe4 Nd6 41.
Qa8+ Qe8 42.Qf3 Qf7 43.Qxf7 Nxf7 44.Bf8 e4 45.Kf2 Kg8 46.Be7 Ne5 47.b3 c4 
48.b4 Kf7 49.Bd6 Nd7 50.Ke3 Ke6 51.Bc7 Kd5 52.h4 b5 53.axb5 axb5 54.g5 Nf8
55.h5 Kc6 56.Be5 Kd5 57.Bg7 Ne6 58.Bf6 Nf8 59.Be7 Nd7 60.g6 hxg6 61.h6 Ne5
62.h7 Nf7 63.Bf6 g5 64.h8=Q Nxh8 65.Bxh8 g4 66.Kf4 1-0

[Event "10th Essent op"]
[Site "Hoogeveen NED"]
[Date "2006.10.25"]
[Round "6.40"]
[White "Hendriks, Theo"]
[Black "Dibala, Radovan"]
[Result "1/2-1/2"]
[WhiteElo "2090"]
[BlackElo "2119"]
[EventDate "2006.10.20"]
[PlyCount "58"]

1.e4 d5 2.exd5 Nf6 3.d4 Nxd5 4.c4 Nb6 5.Be2 e5 6.dxe5 Qxd1+ 7.Kxd1 Nc6 8.
f4 Be6 9.b3 O-O-O+ 10.Bd2 Nd4 11.Kc1 Bf5 12.Bd1 Bxb1 13.Kxb1 Nxb3 14.axb3 
Rxd2 15.Nf3 Rxg2 16.Ng5 Bc5 17.Nxf7 Re8 18.Ra2 Rxa2 19.Bg4+ Kb8 20.Kxa2 
Nc8 21.Rd1 g6 22.f5 h5 23.Bh3 gxf5 24.Bxf5 Ne7 25.Bh3 Nc6 26.Bd7 Nb4+ 27.
Kb1 Rg8 28.Bh3 Nc6 29.e6 Rg1 1/2-1/2

[Event "10th Essent op"]
[Site "Hoogeveen NED"]
[Date "2006.10.25"]
[Round "6.42"]
[White "Malinarski, Yehuda"]
[Black "Friesen, Boris"]
[Result "1/2-1/2"]
[WhiteElo "2126"]
[BlackElo "2154"]
[EventDate "2006.10.20"]
[PlyCount "70"]

1.e4 e6 2.d4 d5 3.Nd2 Nf6 4.e5 Nfd7 5.Bd3 c5 6.c3 Nc6 7.Ne2 f6 8.exf6 Nxf6
9.Nf3 cxd4 10.cxd4 Bd6 11.O-O Qb6 12.Bf4 Bxf4 13.Nxf4 O-O 14.Re1 Qxb2 15.
Re2 Qa3 16.Nxe6 Bxe6 17.Rxe6 Rae8 18.Qe2 Qc3 19.Rd1 Nd8 20.Re3 Qc7 21.h3 
Rxe3 22.Qxe3 Re8 23.Qc1 Qxc1 24.Rxc1 Nf7 25.Rc7 Nd6 26.Ne5 Rc8 27.Rxc8+ 
Nxc8 28.f3 Nd6 29.Kf2 g5 30.g3 Kg7 31.a4 a5 32.Ke3 Nh5 33.Kf2 Nf6 34.Ke3 
Nh5 35.Kf2 Nf6 1/2-1/2

[Event "10th Essent op"]
[Site "Hoogeveen NED"]
[Date "2006.10.26"]
[Round "7.1"]
[White "Goloshchapov, Alexander"]
[Black "Brodsky, Mikhail"]
[Result "1/2-1/2"]
[WhiteElo "2552"]
[BlackElo "2566"]
[EventDate "2006.10.20"]
[PlyCount "26"]

1.e4 e5 2.Nf3 Nc6 3.d4 exd4 4.Nxd4 Bb4+ 5.c3 Bc5 6.Be3 Bb6 7.Bc4 d6 8.O-O 
Nf6 9.Nd2 Ne5 10.Be2 O-O 11.h3 Re8 12.Qc2 Bd7 13.Rae1 c5 1/2-1/2

[Event "10th Essent op"]
[Site "Hoogeveen NED"]
[Date "2006.10.26"]
[Round "7.2"]
[White "Cheparinov, Ivan"]
[Black "Rogers, Ian"]
[Result "1-0"]
[WhiteElo "2632"]
[BlackElo "2526"]
[EventDate "2006.10.20"]
[PlyCount "67"]

1.e4 e5 2.Nf3 Nc6 3.Bb5 a6 4.Ba4 d6 5.O-O Bd7 6.c3 g6 7.d4 Bg7 8.Re1 Nge7 
9.d5 Nb8 10.Bxd7+ Nxd7 11.Be3 h6 12.Nfd2 f5 13.f3 f4 14.Bf2 g5 15.c4 h5 
16.Nc3 Ng6 17.Rc1 Bf8 18.b4 Be7 19.c5 dxc5 20.d6 cxd6 21.Nc4 Nf6 22.Nd5 
O-O 23.Ncb6 Rb8 24.bxc5 Ne8 25.Qb3 Rf7 26.Nxe7+ Nxe7 27.cxd6 Nc6 28.Red1 
Kg7 29.d7 Nf6 30.Bc5 Nxd7 31.Qxf7+ Kxf7 32.Rxd7+ Qxd7 33.Nxd7 Rd8 34.Rd1 
1-0

[Event "10th Essent op"]
[Site "Hoogeveen NED"]
[Date "2006.10.26"]
[Round "7.5"]
[White "Dvoirys, Semen I"]
[Black "Khairullin, Ildar"]
[Result "1/2-1/2"]
[WhiteElo "2553"]
[BlackElo "2543"]
[EventDate "2006.10.20"]
[PlyCount "112"]

1.e4 e5 2.Nf3 Nc6 3.d4 exd4 4.Nxd4 Bc5 5.Nxc6 Qf6 6.Qd2 dxc6 7.Qf4 Be6 8.
Bd3 O-O-O 9.Nc3 Qxf4 10.Bxf4 Ne7 11.Bd2 Bd4 12.f4 f5 13.O-O-O fxe4 14.Nxe4
h6 15.Rde1 Bd5 16.Re2 Nf5 17.Nc3 Nd6 18.Nxd5 cxd5 19.c3 Bf6 20.g4 Bh4 21.
Bg6 Rhf8 22.Kc2 Kd7 23.Rf1 Rf6 24.Bd3 Rff8 25.Re5 c6 26.Rh5 Bf6 27.h4 Rde8
28.g5 Bd8 29.gxh6 gxh6 30.f5 Rf6 31.Rxh6 Rxh6 32.Bxh6 Nf7 33.Bg7 Bxh4 34.
Rh1 Bg5 35.c4 Kd6 36.cxd5 cxd5 37.Rh7 Rc8+ 38.Kb3 Be3 39.Bc3 Rc7 40.Be2 d4
41.Be1 Ne5 42.Bb4+ Kc6 43.Rxc7+ Kxc7 44.Bc4 Bh6 45.Bd5 b6 46.Be4 d3 47.Bd5
a5 48.Bc3 Kd6 49.Be4 d2 50.Bc2 Ng4 51.Bd1 a4+ 52.Kxa4 Nf2 53.Bh5 d1=Q+ 54.
Bxd1 Nxd1 55.Bd4 Ke7 56.Bxb6 Kf7 1/2-1/2

[Event "10th Essent op"]
[Site "Hoogeveen NED"]
[Date "2006.10.26"]
[Round "7.9"]
[White "Ernst, Sipke"]
[Black "Willemze, Thomas"]
[Result "1-0"]
[WhiteElo "2512"]
[BlackElo "2384"]
[EventDate "2006.10.20"]
[PlyCount "67"]

1.Nf3 Nf6 2.c4 e6 3.d4 c5 4.d5 exd5 5.cxd5 d6 6.Nc3 g6 7.Bf4 a6 8.a4 Bg7 
9.h3 Qe7 10.Nd2 O-O 11.Nc4 Rd8 12.e3 Ne8 13.Be2 Nd7 14.O-O Rb8 15.Bh2 Ne5 
16.Na3 f5 17.Qc2 Nf6 18.Rae1 Kh8 19.f4 Nf7 20.Bd3 Qc7 21.b3 Re8 22.Kh1 b6 
23.Re2 Bb7 24.Bc4 Ne4 25.Nxe4 Rxe4 26.Qd3 Rbe8 27.Bxa6 Bd4 28.Bxb7 Qxb7 
29.Rfe1 Bg7 30.Bg3 Rb4 31.Rd1 Nh6 32.Nc4 Qe7 33.Be1 b5 34.axb5 1-0

[Event "10th Essent op"]
[Site "Hoogeveen NED"]
[Date "2006.10.26"]
[Round "7.10"]
[White "Ikonnikov, Vyacheslav"]
[Black "Hoeksema, Hendrik Pieter"]
[Result "1-0"]
[WhiteElo "2587"]
[BlackElo "2374"]
[EventDate "2006.10.20"]
[PlyCount "109"]

1.d4 Nf6 2.c4 e6 3.Nc3 Bb4 4.Bg5 c5 5.d5 Bxc3+ 6.bxc3 d6 7.Qc2 h6 8.Bh4 
Qe7 9.Nf3 Nbd7 10.e3 e5 11.Nd2 g5 12.Bg3 Nh5 13.Bd3 Ndf6 14.f3 Nxg3 15.
hxg3 Bd7 16.g4 O-O-O 17.O-O-O h5 18.gxh5 Nxh5 19.g4 Ng7 20.Bh7 Rhf8 21.e4 
Qf6 22.Bf5 Rh8 23.Bxd7+ Kxd7 24.Qa4+ Kc7 25.Rxh8 Rxh8 26.Qxa7 Qd8 27.Qa5+ 
Kc8 28.Qb5 Ne8 29.Kc2 Nc7 30.Qb3 Na6 31.Rb1 Qc7 32.Qb5 Qe7 33.Kd3 Rh3 34.
Ke3 Nb8 35.Qb6 Na6 36.Rb3 Nb8 37.Ke2 Rh2+ 38.Kd3 Rh3 39.Kc2 Rh2 40.Rb1 Na6
41.Qa7 Qd7 42.Qa8+ Nb8 43.Kd3 Rh3 44.a4 Qe7 45.a5 Qc7 46.Ke2 Rh2+ 47.Ke3 
Rh3 48.Nf1 f5 49.exf5 e4 50.a6 Rxf3+ 51.Kxe4 Rf4+ 52.Kd3 bxa6 53.Nd2 Rxg4 
54.Ne4 Rf4 55.Rb7 1-0

[Event "10th Essent op"]
[Site "Hoogeveen NED"]
[Date "2006.10.26"]
[Round "7.14"]
[White "Willemze, Jeroen"]
[Black "Pruijssers, Roeland"]
[Result "1-0"]
[WhiteElo "2423"]
[BlackElo "2339"]
[EventDate "2006.10.20"]
[PlyCount "51"]

1.e4 e5 2.Nf3 Nc6 3.Bc4 Nf6 4.Ng5 d5 5.exd5 Na5 6.Bb5+ c6 7.dxc6 bxc6 8.
Be2 h6 9.Nf3 e4 10.Ne5 Bd6 11.d4 exd3 12.Nxd3 Qc7 13.b3 O-O 14.Bb2 Ne4 15.
Nc3 f5 16.h3 Bb7 17.O-O Rad8 18.Qe1 Rde8 19.f4 Qb6+ 20.Kh1 c5 21.Nxe4 fxe4
22.Qg3 Qc7 23.Ne5 Bxe5 24.Bxe5 Qe7 25.Rad1 Rf5 26.Bg4 1-0

[Event "10th Essent op"]
[Site "Hoogeveen NED"]
[Date "2006.10.26"]
[Round "7.15"]
[White "Donchenko, Anatoly G"]
[Black "Okkes, Menno"]
[Result "1/2-1/2"]
[WhiteElo "2395"]
[BlackElo "2355"]
[EventDate "2006.10.20"]
[PlyCount "130"]

1.Nf3 d5 2.d4 Nf6 3.c4 e6 4.g3 dxc4 5.Bg2 c6 6.O-O b5 7.a4 Bb7 8.Nc3 a6 9.
e4 b4 10.e5 bxc3 11.exf6 cxb2 12.fxg7 Bxg7 13.Bxb2 c5 14.Qc2 cxd4 15.Qxc4 
Bd5 16.Qe2 O-O 17.Nxd4 Bxg2 18.Kxg2 Qd5+ 19.Nf3 Bxb2 20.Qxb2 Nc6 21.Rfd1 
Qf5 22.Rac1 Rfb8 23.Qe2 Ne7 24.Rc4 Ng6 25.Nh4 Qf6 26.Nxg6 hxg6 27.Rd7 Rb2 
28.Qe3 e5 29.Rcc7 Rf8 30.Re7 Ra2 31.Rxe5 Rxa4 32.Ree7 Ra2 33.h4 Ra5 34.Re8
Ra2 35.Ree7 Qf5 36.Qd4 Ra5 37.Red7 Qe5 38.Qc4 Qf5 39.Ra7 Ra3 40.Qe2 Ra1 
41.Qd3 Qxd3 42.Rxd3 Kg7 43.Rdd7 Ra3 44.g4 Ra4 45.Kg3 Ra3+ 46.f3 Ra1 47.g5 
Ra5 48.Rd6 Ra1 49.Rdxa6 Rxa6 50.Rxa6 Rb8 51.f4 Rb3+ 52.Kg4 Rb4 53.Ra3 Rc4 
54.Rf3 Rc1 55.Ra3 Rg1+ 56.Rg3 Rh1 57.Rg2 Kg8 58.f5 gxf5+ 59.Kh5 Kg7 60.Rf2
Ra1 61.Rxf5 Ra4 62.Rf1 Rb4 63.Rg1 Ra4 64.Rg4 Ra1 65.Rb4 Rg1 1/2-1/2

[Event "10th Essent op"]
[Site "Hoogeveen NED"]
[Date "2006.10.26"]
[Round "7.19"]
[White "Clemens, Adrian HP"]
[Black "Hendriks, Willy"]
[Result "0-1"]
[WhiteElo "2323"]
[BlackElo "2438"]
[EventDate "2006.10.20"]
[PlyCount "50"]

1.d4 c5 2.d5 d6 3.c4 g6 4.Nc3 Bg7 5.e4 e6 6.Bd3 Nf6 7.h3 O-O 8.Nf3 Na6 9.
O-O Nc7 10.dxe6 Nxe6 11.Be3 Bd7 12.Qd2 Bc6 13.Nd5 Nd7 14.Bh6 Ne5 15.Nxe5 
dxe5 16.Bxg7 Kxg7 17.Rac1 b6 18.a3 Nd4 19.Qe3 Qd6 20.Nc3 f5 21.f4 fxe4 22.
fxe5 Qxe5 23.Bxe4 Bxe4 24.Nxe4 Rxf1+ 25.Rxf1 Re8 0-1

[Event "10th Essent op"]
[Site "Hoogeveen NED"]
[Date "2006.10.26"]
[Round "7.22"]
[White "Schuurman, Petra"]
[Black "Van Delft, Merijn"]
[Result "0-1"]
[WhiteElo "2239"]
[BlackElo "2404"]
[EventDate "2006.10.20"]
[PlyCount "154"]

1.d4 d5 2.c4 c6 3.Nc3 Nf6 4.Nf3 a6 5.c5 Bf5 6.Bf4 Nbd7 7.e3 e6 8.Be2 Be7 
9.Nd2 h6 10.b4 O-O 11.O-O Re8 12.Nb3 Bf8 13.a4 e5 14.dxe5 Nxe5 15.Nd4 Bg6 
16.a5 Ne4 17.Na4 Nd7 18.Rc1 f5 19.Nb6 Nxb6 20.axb6 Qd7 21.Bd3 Bh7 22.Nb3 
Ng5 23.Qc2 g6 24.Rcd1 Ne6 25.Be5 Nxc5 26.Nxc5 Bxc5 27.bxc5 Rxe5 28.Qc3 Qe7
29.Qd4 Rf8 30.h4 g5 31.hxg5 hxg5 32.f4 Rxe3 33.fxg5 Qxg5 34.Qf4 Qxf4 35.
Rxf4 Rf7 36.Kf2 Re5 37.Rh1 Bg6 38.Rh3 Kg7 39.g3 d4 40.Rxd4 Rxc5 41.Rd6 Rd5
42.Rxd5 cxd5 43.Ke3 Rf6 44.Kf4 Rxb6 45.Kg5 Bh7 46.Rh4 Rb3 47.Rd4 Bg8 48.
Bxf5 Rxg3+ 49.Kf4 Rb3 50.Ke5 Rb6 51.Bc8 Kf8 52.Rh4 Ke7 53.Rh8 Bf7 54.Rh7 
a5 55.Rh4 Rb3 56.Bf5 b6 57.Rh6 d4 58.Kxd4 Rb4+ 59.Kc3 Bd5 60.Bd3 Be6 61.
Bc2 Rc4+ 62.Kb2 Rc5 63.Bd3 b5 64.Be2 b4 65.Rh5 Rxh5 66.Bxh5 Kd6 67.Bd1 Kc5
68.Ba4 Bd5 69.Bd1 Bc6 70.Bb3 a4 71.Bd1 Kd4 72.Bc2 Ke3 73.Kc1 a3 74.Bb3 Be4
75.Ba2 Kd4 76.Bb3 Kc3 77.Bc2 a2 0-1

[Event "10th Essent op"]
[Site "Hoogeveen NED"]
[Date "2006.10.26"]
[Round "7.23"]
[White "Afek, Yochanan"]
[Black "Vedder, Richard"]
[Result "0-1"]
[WhiteElo "2372"]
[BlackElo "2248"]
[EventDate "2006.10.20"]
[PlyCount "58"]

1.d4 e6 2.e4 d5 3.e5 c5 4.c3 Nc6 5.Nf3 Bd7 6.Be2 f6 7.O-O fxe5 8.dxe5 Qc7 
9.Re1 O-O-O 10.Bd3 h6 11.a3 c4 12.Bc2 g5 13.Qe2 Bg7 14.h3 Nge7 15.Nbd2 
Rhf8 16.b3 cxb3 17.Nxb3 Na5 18.Nxa5 Qxa5 19.a4 Nc6 20.Ba3 Rf4 21.Rab1 Qxc3
22.Bd6 Rxf3 23.Rxb7 Kxb7 24.Rb1+ Ka8 25.gxf3 Nd4 26.Qa6 Qc6 27.Qa5 Nxf3+ 
28.Kh1 Rc8 29.Qb4 Qb6 0-1

[Event "10th Essent op"]
[Site "Hoogeveen NED"]
[Date "2006.10.26"]
[Round "7.24"]
[White "Mamedjarova, Turkan"]
[Black "Bednar, Jaromir"]
[Result "1-0"]
[WhiteElo "2274"]
[BlackElo "2369"]
[EventDate "2006.10.20"]
[PlyCount "61"]

1.e4 d5 2.exd5 Nf6 3.d4 Nxd5 4.c4 Nb6 5.Nf3 g6 6.Nc3 Bg7 7.c5 Nd5 8.Bc4 c6
9.O-O O-O 10.Re1 Nxc3 11.bxc3 h6 12.Bf4 b6 13.cxb6 axb6 14.Qc1 Kh7 15.Ne5 
e6 16.Re3 g5 17.Bg3 c5 18.Qc2+ Kg8 19.dxc5 bxc5 20.Rd1 Qb6 21.h4 Ba6 22.
hxg5 hxg5 23.Rb1 Qa7 24.Bb3 Qe7 25.Qe4 Bb7 26.Ng6 Qf6 27.Qxb7 Qxg6 28.Rbe1
Na6 29.Rxe6 fxe6 30.Rxe6 Qf7 31.Re7 1-0

[Event "10th Essent op"]
[Site "Hoogeveen NED"]
[Date "2006.10.26"]
[Round "7.25"]
[White "Slingerland, Fred"]
[Black "Kuipers, Stefan"]
[Result "1-0"]
[WhiteElo "2331"]
[BlackElo "2252"]
[EventDate "2006.10.20"]
[PlyCount "75"]

1.e4 c5 2.Nf3 Nc6 3.d4 cxd4 4.Nxd4 Nf6 5.Nc3 e5 6.Ndb5 d6 7.Bg5 a6 8.Na3 
b5 9.Bxf6 gxf6 10.Nd5 f5 11.c3 Be6 12.exf5 Bxf5 13.Nc2 Bg7 14.Nce3 Bg6 15.
h4 h5 16.a4 Rb8 17.axb5 axb5 18.Ra6 Qc8 19.Bxb5 Rxb5 20.Qa4 Rb8 21.Rxc6 
Qd7 22.Nb6 Rxb6 23.Rc8+ Ke7 24.Nd5+ Ke6 25.Qxd7+ Kxd7 26.Nxb6+ Ke6 27.Rxh8
Bxh8 28.Ke2 d5 29.Na4 Kd6 30.b4 Bf6 31.Nb2 Bf5 32.g3 e4 33.Kd2 Bg7 34.Nd1 
Bd7 35.Ne3 Ke5 36.Ra1 Bf8 37.Ra8 Bd6 38.Ra5 1-0

[Event "10th Essent op"]
[Site "Hoogeveen NED"]
[Date "2006.10.26"]
[Round "7.26"]
[White "Tondivar, Babak"]
[Black "Ahlers, Ben"]
[Result "1/2-1/2"]
[WhiteElo "2367"]
[BlackElo "2184"]
[EventDate "2006.10.20"]
[PlyCount "28"]

1.d4 d5 2.c4 c6 3.Nf3 Nf6 4.Qc2 g6 5.Bf4 Bg7 6.e3 Bf5 7.Bd3 Bxd3 8.Qxd3 
O-O 9.Nc3 dxc4 10.Qxc4 Nbd7 11.h3 Rc8 12.O-O b5 13.Qe2 b4 14.Na4 Qa5 
1/2-1/2

[Event "10th Essent op"]
[Site "Hoogeveen NED"]
[Date "2006.10.26"]
[Round "7.27"]
[White "Cako, Laszlo"]
[Black "Van Kooten, Luuk"]
[Result "0-1"]
[WhiteElo "2174"]
[BlackElo "2291"]
[EventDate "2006.10.20"]
[PlyCount "78"]

1.e4 c5 2.Nf3 Nc6 3.d4 cxd4 4.Nxd4 Nf6 5.Nc3 e5 6.Ndb5 d6 7.Bg5 a6 8.Na3 
b5 9.Nd5 Be7 10.Nxe7 Nxe7 11.Bd3 Nd7 12.c4 b4 13.Nc2 f6 14.Bh4 a5 15.Be2 
Nc5 16.Bh5+ Ng6 17.Ne3 O-O 18.Bg3 Ne7 19.Bf3 Bb7 20.Nf5 Nxe4 21.Qd3 Nc5 
22.Qxd6 Nxf5 23.Qxc5 Bxf3 24.gxf3 Nd4 25.O-O Rc8 26.Qd5+ Qxd5 27.cxd5 Rfd8
28.Kg2 g5 29.Rac1 Kf7 30.h4 h6 31.Rh1 Rxc1 32.Rxc1 Rxd5 33.Rc7+ Kg6 34.Rc8
Nf5 35.hxg5 hxg5 36.Rc6 Nd4 37.Ra6 Kf5 38.b3 Rc5 39.Bh2 Ne2 0-1

[Event "10th Essent op"]
[Site "Hoogeveen NED"]
[Date "2006.10.26"]
[Round "7.28"]
[White "Archangelsky, Mikhail"]
[Black "Otte, Marijn Willem"]
[Result "1-0"]
[WhiteElo "2270"]
[BlackElo "2162"]
[EventDate "2006.10.20"]
[PlyCount "59"]

1.d4 Nf6 2.Nf3 g6 3.Bf4 Bg7 4.e3 d6 5.c4 h6 6.h3 c6 7.Nc3 O-O 8.Be2 Nbd7 
9.O-O Re8 10.Rc1 Nf8 11.e4 N6d7 12.Qd2 g5 13.Be3 e5 14.Rfd1 Qe7 15.b4 Ng6 
16.d5 c5 17.bxc5 Nxc5 18.Bxc5 dxc5 19.d6 Qd7 20.Nb5 b6 21.Nxg5 hxg5 22.Bg4
Re6 23.Nc7 Bb7 24.Nxa8 Bxa8 25.Bxe6 fxe6 26.Qxg5 Kh7 27.Qg4 Bc6 28.Rc3 Nf4
29.Rg3 Bxe4 30.Qxg7+ 1-0

[Event "10th Essent op"]
[Site "Hoogeveen NED"]
[Date "2006.10.26"]
[Round "7.29"]
[White "Rooda, Kai P"]
[Black "Wempe, Joost"]
[Result "0-1"]
[WhiteElo "2148"]
[BlackElo "2268"]
[EventDate "2006.10.20"]
[PlyCount "84"]

1.d4 e6 2.c4 Nf6 3.g3 Bb4+ 4.Bd2 Qe7 5.Bg2 Nc6 6.e3 Bxd2+ 7.Nxd2 O-O 8.Ne2
d6 9.O-O e5 10.d5 Nb8 11.Qc2 a5 12.Nc3 Na6 13.a3 Nd7 14.Rab1 f5 15.b4 e4 
16.h4 axb4 17.axb4 Ne5 18.Ne2 Bd7 19.Qc3 c5 20.b5 Nb4 21.Ra1 Rab8 22.Ra7 
h6 23.h5 Nbd3 24.f3 exf3 25.Nxf3 Nxf3+ 26.Rxf3 Ne5 27.Rf4 Qg5 28.Rh4 Rfe8 
29.e4 Ng4 30.Nf4 fxe4 31.Ne6 Bxe6 32.dxe6 Ne3 33.Rxe4 Nxg2 34.Kxg2 Qxh5 
35.e7 d5 36.Re5 d4 37.Qe1 Qf7 38.Qe2 d3 39.Qxd3 Rxe7 40.Qd6 Rf8 41.Ra8 
Qf1+ 42.Kh2 Rxa8 0-1

[Event "10th Essent op"]
[Site "Hoogeveen NED"]
[Date "2006.10.26"]
[Round "7.30"]
[White "Bensdorp, Marlies"]
[Black "Wielenga, Wiebe"]
[Result "1-0"]
[WhiteElo "2264"]
[BlackElo "2154"]
[EventDate "2006.10.20"]
[PlyCount "131"]

1.d4 Nf6 2.c4 e6 3.Nf3 Bb4+ 4.Bd2 a5 5.Nc3 O-O 6.a3 Bxc3 7.Bxc3 Ne4 8.Qc2 
f5 9.e3 b6 10.Bd3 Bb7 11.O-O-O d6 12.Be1 Nd7 13.Rg1 c5 14.Nd2 d5 15.Kb1 
Qf6 16.cxd5 exd5 17.Bb5 Bc6 18.Qa4 Bxb5 19.Qxb5 Rfd8 20.f3 Nxd2+ 21.Bxd2 
f4 22.exf4 cxd4 23.Qxd5+ Kh8 24.Qg5 Qf7 25.Rge1 Re8 26.Bc1 Qc4 27.f5 Nf6 
28.Rxe8+ Rxe8 29.Qd2 Rd8 30.Qd3 Qc5 31.Be3 Qe5 32.Bxd4 Qxh2 33.g4 h6 34.
Qc2 Qd6 35.Rd2 Qf4 36.Qc3 Kh7 37.Be3 Qb8 38.Rxd8 Qxd8 39.Bd4 Nd5 40.Qd3 
Nf6 41.Qe3 a4 42.Bxf6 Qxf6 43.Qe4 b5 44.Qd3 Qc6 45.f6+ Kg8 46.Qd8+ Kh7 47.
Qd3+ Kg8 48.fxg7 Qe6 49.Qd8+ Kxg7 50.Qd4+ Kg8 51.Qe4 Qd6 52.Kc2 Qc7+ 53.
Kd2 Qd6+ 54.Ke3 Qc5+ 55.Qd4 Qe7+ 56.Kf4 Qc7+ 57.Qe5 Qc1+ 58.Kf5 Qg5+ 59.
Ke4 Qg6+ 60.Ke3 Qc6 61.Kf4 Qc1+ 62.Kf5 Qg5+ 63.Ke6 Qg6+ 64.Qf6 Qe8+ 65.Kf5
Qe3 66.Kg6 1-0

[Event "10th Essent op"]
[Site "Hoogeveen NED"]
[Date "2006.10.26"]
[Round "7.31"]
[White "Doggers, Peter"]
[Black "Van der Veen, Jan"]
[Result "1-0"]
[WhiteElo "2252"]
[BlackElo "2142"]
[EventDate "2006.10.20"]
[PlyCount "81"]

1.e4 e5 2.Nf3 Nc6 3.Bb5 a6 4.Ba4 Nf6 5.O-O Nxe4 6.d4 b5 7.Bb3 d5 8.dxe5 
Be6 9.c3 Be7 10.Nbd2 Nc5 11.Bc2 Bg4 12.Re1 O-O 13.Nb3 Ne6 14.Qd3 g6 15.Bh6
Re8 16.Rad1 Bf5 17.Qd2 Bxc2 18.Qxc2 Qd7 19.h4 a5 20.Nbd2 Rad8 21.Ne4 Qc8 
22.Nf6+ Bxf6 23.exf6 Qd7 24.h5 b4 25.Qc1 Qd6 26.Rd3 Nc5 27.Rde3 Rxe3 28.
Qxe3 Ne4 29.c4 Nxf6 30.c5 Qd7 31.hxg6 hxg6 32.Qg5 Nh7 33.Qh4 Re8 34.Rd1 d4
35.Nxd4 Rd8 36.Be3 Nf8 37.Rd2 Qe7 38.Qxe7 Nxe7 39.Bg5 Rd7 40.c6 Nxc6 41.
Nxc6 1-0

[Event "10th Essent op"]
[Site "Hoogeveen NED"]
[Date "2006.10.26"]
[Round "7.32"]
[White "Van Weersel, Arlette"]
[Black "Mijnheer, Peter"]
[Result "1/2-1/2"]
[WhiteElo "2156"]
[BlackElo "2232"]
[EventDate "2006.10.20"]
[PlyCount "87"]

1.Nf3 Nf6 2.g3 g6 3.Bg2 Bg7 4.O-O O-O 5.d3 d5 6.Nbd2 c5 7.c3 Nc6 8.e4 e5 
9.Re1 Rb8 10.Qc2 h6 11.Nf1 Be6 12.Ne3 b5 13.a3 d4 14.Nf1 dxc3 15.Qxc3 Nd7 
16.b4 Rc8 17.bxc5 Nd4 18.Nxd4 exd4 19.Qb2 Nxc5 20.Qe2 Nb3 21.Rb1 Nxc1 22.
Rexc1 Rxc1 23.Rxc1 Qa5 24.Qb2 Rc8 25.Rb1 a6 26.Nd2 Qc3 27.Bf1 Qxb2 28.Rxb2
Rc3 29.Nb1 Rb3 30.Rxb3 Bxb3 31.Be2 a5 32.Kf1 Bf8 33.Nd2 Bc2 34.Nf3 Bc5 35.
Ke1 b4 36.Kd2 Ba4 37.axb4 Bxb4+ 38.Kc1 Bc3 39.Bd1 Bb5 40.Bc2 Kf8 41.Bb1 
Ke7 42.Kc2 Kd6 43.Ba2 f6 44.Nh4 1/2-1/2

[Event "10th Essent op"]
[Site "Hoogeveen NED"]
[Date "2006.10.26"]
[Round "7.33"]
[White "Giddins, Stephen"]
[Black "Kleijn, Christov"]
[Result "1/2-1/2"]
[WhiteElo "2197"]
[BlackElo "2108"]
[EventDate "2006.10.20"]
[PlyCount "25"]

1.d4 Nf6 2.Nf3 g6 3.Bf4 Bg7 4.h3 O-O 5.e3 d6 6.Be2 Nfd7 7.c4 e5 8.Bh2 Nc6 
9.Nc3 f5 10.O-O g5 11.dxe5 Ndxe5 12.c5 Be6 13.cxd6 1/2-1/2

[Event "10th Essent op"]
[Site "Hoogeveen NED"]
[Date "2006.10.26"]
[Round "7.35"]
[White "Hulshof, Peter"]
[Black "Van Geffen, Ben"]
[Result "1-0"]
[WhiteElo "2158"]
[BlackElo "2132"]
[EventDate "2006.10.20"]
[PlyCount "91"]

1.g3 c5 2.Bg2 Nf6 3.Nc3 d5 4.d3 h6 5.Nf3 Nc6 6.O-O g6 7.h3 Bg7 8.e4 dxe4 
9.Nxe4 Nxe4 10.dxe4 Qxd1 11.Rxd1 O-O 12.c3 Be6 13.Be3 b6 14.Rdc1 Rfd8 15.
Rc2 a5 16.Bf1 a4 17.Kg2 a3 18.b3 Nb4 19.Rcc1 Nxa2 20.Rxa2 Bxb3 21.Raa1 a2 
22.Nd2 Be6 23.Rc2 Ra3 24.Nc4 Bxc3 25.Raxa2 Rxa2 26.Rxa2 b5 27.Rc2 Bb4 28.
Ne5 Bb3 29.Rb2 Ba4 30.Nc6 Bc3 31.Nxd8 Bxb2 32.Bxc5 Bc3 33.Nc6 e6 34.Bb4 
Bxb4 35.Nxb4 Kf8 36.Kf3 Ke7 37.Ke3 Kd6 38.Kd4 e5+ 39.Kc3 f5 40.Bd3 f4 41.
Bc2 fxg3 42.fxg3 Ke6 43.Bxa4 bxa4 44.Nd3 Kf6 45.Kb4 h5 46.Kxa4 1-0

[Event "10th Essent op"]
[Site "Hoogeveen NED"]
[Date "2006.10.26"]
[Round "7.36"]
[White "Goudriaan, Etienne"]
[Black "Woudt, Edwin"]
[Result "1-0"]
[WhiteElo "2065"]
[BlackElo "2072"]
[EventDate "2006.10.20"]
[PlyCount "61"]

1.d4 d5 2.c4 e6 3.Nc3 Nf6 4.Nf3 Be7 5.Bg5 O-O 6.e3 c6 7.Bd3 a6 8.O-O h6 9.
Bf4 dxc4 10.Bxc4 b5 11.Bd3 Bb7 12.a4 Nd5 13.Nxd5 exd5 14.Ne5 Nd7 15.Bxh6 
Nxe5 16.dxe5 Bg5 17.Bxg5 Qxg5 18.f4 Qh6 19.Qc2 Rfe8 20.Rf3 g6 21.Rg3 Kf8 
22.Qc5+ Kg7 23.f5 Rxe5 24.fxg6 f5 25.Rf1 Rae8 26.Rff3 d4 27.Qb6 R8e7 28.
Rh3 Qg5 29.Rfg3 Qf6 30.Rh7+ Kg8 31.Qd8+ 1-0

[Event "10th Essent op"]
[Site "Hoogeveen NED"]
[Date "2006.10.26"]
[Round "7.37"]
[White "Schenkeveld, Daniel"]
[Black "Drost, Peter"]
[Result "1-0"]
[WhiteElo "2036"]
[BlackElo "2137"]
[EventDate "2006.10.20"]
[PlyCount "75"]

1.e4 e6 2.d4 d5 3.Nc3 Nf6 4.Bg5 Bb4 5.e5 h6 6.Bd2 Bxc3 7.bxc3 Ne4 8.Qg4 
Kf8 9.Bd3 Nxd2 10.Kxd2 c5 11.h4 c4 12.Be2 Nc6 13.Qf4 Bd7 14.Bh5 Be8 15.g4 
Ne7 16.Ne2 Rh7 17.g5 Nf5 18.Ng3 Nxg3 19.fxg3 Ke7 20.Raf1 g6 21.gxh6 Kd7 
22.Be2 Rb8 23.g4 b5 24.a3 Qe7 25.g5 Rb7 26.Ra1 a5 27.Rhb1 Kc8 28.h5 Kd8 
29.Ke3 Kc8 30.Qf6 Qxf6 31.exf6 Kc7 32.Kf4 Rh8 33.Ke5 gxh5 34.Bxh5 Rg8 35.
Rg1 Rb6 36.g6 fxg6 37.h7 Rh8 38.Bxg6 1-0

[Event "10th Essent op"]
[Site "Hoogeveen NED"]
[Date "2006.10.26"]
[Round "7.38"]
[White "Dibala, Radovan"]
[Black "Ebels, Theo"]
[Result "1/2-1/2"]
[WhiteElo "2119"]
[BlackElo "2101"]
[EventDate "2006.10.20"]
[PlyCount "39"]

1.d4 d5 2.Nf3 e6 3.e3 c5 4.c4 Nc6 5.cxd5 exd5 6.Nc3 Nf6 7.Be2 Be7 8.O-O 
O-O 9.dxc5 Bxc5 10.a3 Re8 11.Qc2 Be6 12.Rd1 Qe7 13.b4 Bd6 14.Bb2 Rac8 15.
Qd2 Red8 16.Bd3 Bg4 17.Be2 Be6 18.Bd3 Bg4 19.Be2 Be6 20.Bd3 1/2-1/2

[Event "10th Essent op"]
[Site "Hoogeveen NED"]
[Date "2006.10.26"]
[Round "7.39"]
[White "Hendriks, Richard V"]
[Black "Kulago, Alexander"]
[Result "1-0"]
[WhiteElo "2106"]
[BlackElo "2114"]
[EventDate "2006.10.20"]
[PlyCount "47"]

1.Nc3 d5 2.e4 d4 3.Nce2 e5 4.Ng3 Nf6 5.Nf3 Nbd7 6.Bc4 g6 7.Ng5 Nd5 8.Nxf7 
Kxf7 9.Bxd5+ Kg7 10.d3 Nf6 11.Bb3 Bd6 12.O-O h5 13.h3 a5 14.a3 h4 15.Ne2 
Nh5 16.f4 Rf8 17.fxe5 Bxe5 18.Rxf8 Qxf8 19.Bg5 Ra6 20.Qd2 Qd6 21.Rf1 a4 
22.Rf7+ Kh8 23.Bf6+ Qxf6 24.Qh6+ 1-0

[Event "10th Essent op"]
[Site "Hoogeveen NED"]
[Date "2006.10.26"]
[Round "7.40"]
[White "Galje, Hans"]
[Black "Hendriks, Theo"]
[Result "1/2-1/2"]
[WhiteElo "2110"]
[BlackElo "2090"]
[EventDate "2006.10.20"]
[PlyCount "139"]

1.d4 Nf6 2.c4 g6 3.f3 Bg7 4.e4 d6 5.Nc3 O-O 6.Bg5 Nc6 7.Nge2 a6 8.Qd2 Rb8 
9.Rc1 Bd7 10.d5 Na5 11.Ng3 c5 12.Be2 b5 13.cxb5 axb5 14.b3 b4 15.Nd1 Ra8 
16.O-O Nb7 17.Nf2 Ra3 18.Bd3 Qa5 19.Bb1 Bb5 20.Rfd1 Nd7 21.Bxe7 Re8 22.Bg5
Bc3 23.Qf4 f6 24.Bh6 Qd8 25.Nf5 Be2 26.Re1 Bxe1 27.Rxe1 Bb5 28.Ng7 Ne5 29.
Nxe8 Bxe8 30.Qg3 Ra7 31.Be3 Na5 32.f4 Nf7 33.h4 Bd7 34.Nd3 Bb5 35.h5 g5 
36.fxg5 fxg5 37.Nf4 h6 38.Ne6 Qf6 39.Bd2 Re7 40.Bd3 Bxd3 41.Qxd3 Ne5 42.
Qa6 Rf7 43.Rf1 Qxf1+ 44.Qxf1 Rxf1+ 45.Kxf1 Ng4 46.Ke2 Nf6 47.Kf3 Nb7 48.
Bc1 Nxh5 49.Kg4 Nf6+ 50.Kf5 Kf7 51.Bb2 Nh5 52.e5 Ng3+ 53.Kg4 Nf1 54.Bc1 
dxe5 55.Kf5 Ng3+ 56.Kxe5 Ne2 57.Bb2 Nc3 58.a4 Nd1 59.Bc1 Nf2 60.Bd2 Ke7 
61.a5 Ng4+ 62.Kf5 Nxa5 63.Nxc5 Kd6 64.Bxb4 Ne3+ 65.Kg6 Kxd5 66.Bxa5 Kxc5 
67.Kxh6 Nxg2 68.Kxg5 Ne3 69.Bd2 Nc2 70.Kf6 1/2-1/2